¿Igualdad para qu?̌ Una propuesta de igualitarismo pluralista para el siglo XXI /

Bibliographic Details
Main Author: Mora, Jess︢
Format: eBook
Language:Spanish
Published: Madrid: Dykinson, 2021
Subjects:
Online Access:Acceso restringido

MARC

LEADER 00000nam a22000007a 4500
005 20220719232948.0
007 cr|||| ||||
008 220719s2021 es |||||s|||| 00||0 spa d
020 |a 978-84-1122-104-7 
035 |a 36466 
040 |a vLex 
090 |c 13598  |d 13598 
100 1 |a Mora, Jess︢ 
245 1 0 |a ¿Igualdad para qu?̌  |h [Recurso electrn̤ico] :  |b Una propuesta de igualitarismo pluralista para el siglo XXI /  |c Jess︢ Mora 
256 |a Servicio en ln̕ea 
260 |a Madrid:  |b Dykinson,  |c 2021 
300 |a 1 recurso electrn̤ico 
500 |a La igualdad es uno de los valores ms̀ comn︢mente afirmados, y a la vez discutidos, de nuestras democracias. Pero, ¿a qu ̌objetivos polt̕icos debera̕n aspirar quienes defienden la igualdad? ¿Hacia qu ̌metas debera̕ guiarnos el igualitarismo en las sociedades actuales? Los debates sobre qu ̌demandas polt̕icas son ms̀ relevantes para la emancipacin̤ de los grupos oprimidos han adquirido un protagonismo notable en nuestras sociedades. Debates que, habitualmente, contraponen nociones como clase e identidad, distribucin̤ y reconocimiento. En “¿Igualdad para qu?̌ Una propuesta de igualitarismo pluralista para el siglo XXI”, Jess︢ Mora se adentra en los debates contemporǹeos sobre qu ̌objetivos debera̕n definir al igualitarismo. En muchas ocasiones, esos debates se han construido en torno a la idea de que distribucin̤ y reconocimiento son esferas fatuamente excluyentes, y de que esto aboca a los movimientos igualitarias a optar por la una o por la otra en sus reivindicaciones polt̕icas. Sin embargo, esta obra aspira a ofrecer una visin̤ ms̀ amplia de ambas con la vista puesta en las posibilidades para su coexistencia. Para ello, el autor analiza algunas de las teora̕s igualitarias de justicia ms̀ relevantes de las l︢timas dčadas. En concreto, Mora estructura su propuesta a partir de los argumentos de tres autores, a caballo entre el liberalismo igualitarias y el marxismo: John Rawls, G.A. Cohen y Elizabeth Anderson. Desde las propuestas de cada uno de estos autores sobre la justicia igualitarias, la obra busca construir una concepcin̤ pluralista del igualitarismo que sea capaz de dar cuenta de la importancia de distintos objetivos polt̕icos para quieres afirman estar comprometidos ťica y polt̕icamente con la igualdad. 
506 1 |a Disponible solo en los productos indicados  |d vLex Global  |d vLex Global (Academic Edition, excluding Law Schools)  |d vLex Global (U.S. Academic Edition, Law Schools)  |d vLex Global (U.S. Academic Edition, excluding Law Schools)  |d vLex Global (Academic Edition, Law Schools) 
650 0 4 |a Derecho Constitucional  |z Espaą 
650 0 4 |a Derecho Militar  |z Espaą 
740 0 |a vLex Libros (Servicio en ln̕ea) 
856 4 0 |u https://app.vlex.com/#/sources/36466  |z Acceso restringido 
942 |c BOOK 
999 0 |a Constitutional Law 
999 0 |a Military Law